00422cam a2200157ua 45000010005000000080039000050400009000440410008000530820013000611000033000742450050001072500012001572600064001693000010002336530021002439778160829n ii |||gr||||Z||||||asm cMAIN aasm a491.4515 aBaruah, Hemchandra,eAuthor. aAsamiya bhasar vyakarancBy Hemchandra Baruah a2nd ed. aDibrugarh:bDeptt of Assamese, Dibrugarh University,c1995. a168p. aAssamese grammar